000 00704nam a2200193Ia 4500
003 GCL
008 140319s9999 xx 000 0 ara d
040 _aGCL /
_cGCL
082 0 4 _a823.082
_bث و
100 1 _aعبدالحميد سليم (مترجم ومقدم)
245 1 0 _aهنرى ازموند /
_cعبدالحميد سليم (مترجم ومقدم)
700 1 _aثاكرى، ويليام . م
260 _a[S.N] :
_bالهيئة المصرية العامة للكتاب ،
_c1983
300 _a624 ص
490 _aالابداع العالمى
_v0
650 0 4 _aالقصص الانجليزية المترجمة
650 0 4 _aالادب الانجليزى المترجم
942 _2ddc
_cBK
999 _c28485
_d28485